000 00877cab a2200313 4500
001 ABS55786
008 090401t1996 xxu||||| |||| 00| 0 eng d
035 _a(Sirsi) u18800
041 _aeng
245 _aLondon: City, Midtown and Docklands
260 _c1996
350 _a0
490 _aProperty Week
_v59(9) 6 September 1996, 32-54(9)
650 _aAGENCY MARKET
650 _aCITY OF LONDON
650 _aCOMMERCIAL AGENTS
650 _aDOCKLANDS
650 _aINVESTMENT MARKET
650 _aLOFT APARTMENTS
650 _aLONDON
650 _aMANHATTAN LOFT CORPORATION
650 _aMARKET SHARE
650 _aMIDTOWN
650 _aOFFICE DEVELOPMENT
650 _aPROPERTY-COMMERCIAL PROPERTY-OFFICE PROPERTY-OFFICE PROPERTY MARKET
690 _aPROPERTY-COMMERCIAL PROPERTY-COMMERCIAL PROPERTY MARKET
942 _n0
948 _c04/03/1997
999 _c12509
_d12509